Vomitory songs - Statistics

General Stats
  • This quiz has been taken 2 times
  • The average score is 29 of 86
Answer Stats
Album Song % Correct
All Heads Are Gonna Roll All Heads Are Gonna Roll
100%
All Heads Are Gonna Roll Beg for Death
100%
Blood Rapture Blessed and Forsaken
100%
Blood Rapture Blood Rapture
100%
Opus Mortis VIII Bloodstained
100%
Blood Rapture Chaos Fury
100%
Blood Rapture Eternity Appears
100%
Opus Mortis VIII Hate in a Time of War
100%
Blood Rapture Hollow Retribution
100%
Blood Rapture Madness Prevails
100%
Blood Rapture Nailed, Quartered, Consumed
100%
All Heads Are Gonna Roll Piece by Stinking Piece
100%
All Heads Are Gonna Roll Raped, Strangled, Sodomized, Dead
100%
Blood Rapture Redeemed in Flames
100%
Opus Mortis VIII Regorge in the Morgue
100%
Blood Rapture Rotting Hill
100%
Opus Mortis VIII The Dead Awaken
100%
Opus Mortis VIII They Will Burn
100%
Revelation Nausea 9mm Salvation
50%
Revelation Nausea Beneath the Soil
50%
Revelation Nausea Chapter of Pain
50%
Opus Mortis VIII Combat Psychosis
50%
All Heads Are Gonna Roll Dead Man Stalking
50%
All Heads Are Gonna Roll Dead World
50%
All Heads Are Gonna Roll Decrowned
50%
All Heads Are Gonna Roll Disciples of the Damned
50%
Revelation Nausea Exhaling Life
50%
Opus Mortis VIII Forever Damned
50%
Primal Massacre Gore Apocalypse
50%
All Heads Are Gonna Roll Ode to the Meat Saw
50%
Opus Mortis VIII Requiem for the Fallen
50%
Revelation Nausea Revelation Nausea
50%
Opus Mortis VIII Shrouded in Darkness
50%
Revelation Nausea The Art of War
50%
Revelation Nausea The Corpsegrinder Experience
50%
All Heads Are Gonna Roll The Deepest Tomb
50%
Revelation Nausea The Holocaust
50%
Opus Mortis VIII Torturous Ingenious
50%
Revelation Nausea Under Clouds of Blood
50%
Revelation Nausea When Silence Conquers
50%
Carnage Euphoria A Lesson in Virulence
0%
Primal Massacre Autopsy Extravaganza
0%
Primal Massacre Chainsaw Surgery
0%
Primal Massacre Condemned by Pride
0%
Terrorize Brutalize Sodomize Cremation Ceremony
0%
Primal Massacre Cursed Revelations
0%
Raped in Their Own Blood Dark Grey Epoch
0%
Carnage Euphoria Deadlock
0%
Terrorize Brutalize Sodomize Defiled and Inferior
0%
Primal Massacre Demon's Divine
0%
Redemption Embraced by Pain
0%
Primal Massacre Epidemic (Created to Kill)
0%
Terrorize Brutalize Sodomize Eternal Trails of Corpses
0%
Terrorize Brutalize Sodomize Flesh Passion
0%
Redemption Forever in Gloom
0%
Redemption Forty Seconds Bloodbath
0%
Carnage Euphoria Great Deceiver
0%
Redemption Heaps of Blood
0%
Terrorize Brutalize Sodomize Heresy
0%
Raped in Their Own Blood Inferno
0%
Raped in Their Own Blood Into Winter Through Sorrow
0%
Terrorize Brutalize Sodomize March into Oblivion
0%
Raped in Their Own Blood Nervegasclouds
0%
Redemption Partly Dead
0%
Raped in Their Own Blood Perdition
0%
Carnage Euphoria Possessed
0%
Primal Massacre Primal Massacre
0%
Raped in Their Own Blood Pure Death
0%
Carnage Euphoria Rage of Honour
0%
Raped in Their Own Blood Raped in Their Own Blood
0%
Carnage Euphoria Rebirth of the Grotesque
0%
Redemption Redemption
0%
Primal Massacre Retaliation
0%
Carnage Euphoria Ripe Cadavers
0%
Raped in Their Own Blood Sad Fog over Sinister Runes
0%
Terrorize Brutalize Sodomize Scavenging the Slaughtered
0%
Carnage Euphoria Serpents
0%
Primal Massacre Stray Bullet Kill
0%
Terrorize Brutalize Sodomize Terrorize Brutalize Sodomize
0%
Terrorize Brutalize Sodomize The Burning Black
0%
Carnage Euphoria The Carnage Rages On
0%
Carnage Euphoria The Ravenous Dead
0%
Redemption The Voyage
0%
Raped in Their Own Blood Thorns
0%
Raped in Their Own Blood Through Sepulchral Shadows
0%
Terrorize Brutalize Sodomize Whispers from the Dead
0%
No matching quizzes found
Score Distribution
Percent of People with Each Score
Percentile by Number Answered
Your Score History
You have not taken this quiz